Nghiên cứu ảnh hưởng của nhân tố sinh thái đến khả năng sinh trưởng của cây Cà gai leo (Solanum Hainanese Hance) in vitro tại xã Hòa Ninh, huyện Hòa Vang, thành phố Đà Nẵng

Khảo sát hiện trạng, các điều kiện sinh thái tại một số khu vực tại xã Hòa Ninh, huyện Hòa Vang, thành phố Đà Nẵng. Xác định vùng sinh thái thích hợp để trồng thử nghiệm cây cà gai leo. Nghiên cứu ảnh hưởng của các nhân tố sinh thái đến sự sinh trưởng của cây Cà gai leo trồng tại xã Hòa Ninh, huyện...

Volledige beschrijving

Bewaard in:
Bibliografische gegevens
Hoofdauteur: Lê Thị Hiếu Tín
Andere auteurs: Võ Châu Tuấn TS. (Hướng dẫn)
Formaat: Boek
Taal:Vietnamese
Gepubliceerd in: Đà Nẵng Trường Đại học sư phạm Đà Nẵng 2017
Onderwerpen:
Tags: Voeg label toe
Geen labels, Wees de eerste die dit record labelt!
Thư viện lưu trữ: Mạng thư viện Đại học Đà Nẵng
LEADER 02158nam a2200361 4500
001 000025230
003 21723
005 20170810160810.0
008 170810s2017 viesd
041 |a vie 
082 1 4 |a 615.32  |b LÊ-T 
100 1 |a Lê Thị Hiếu Tín 
245 1 |a Nghiên cứu ảnh hưởng của nhân tố sinh thái đến khả năng sinh trưởng của cây Cà gai leo (Solanum Hainanese Hance) in vitro tại xã Hòa Ninh, huyện Hòa Vang, thành phố Đà Nẵng  |c Lê Thị Hiếu Tín ; Võ Châu Tuấn hướng dẫn.  |k Luận văn Thạc sĩ 
260 |a Đà Nẵng  |b Trường Đại học sư phạm Đà Nẵng  |c 2017 
300 |a 57 tr., phụ lục 7 tr.  |b hình mh.  |c 29 cm.  |e Tóm tắt 
500 |a Luận văn thạc sĩ Khoa học. Chuyên ngành: Sinh thái học. Mã số: 60.42.01.20 
520 3 |a Khảo sát hiện trạng, các điều kiện sinh thái tại một số khu vực tại xã Hòa Ninh, huyện Hòa Vang, thành phố Đà Nẵng. Xác định vùng sinh thái thích hợp để trồng thử nghiệm cây cà gai leo. Nghiên cứu ảnh hưởng của các nhân tố sinh thái đến sự sinh trưởng của cây Cà gai leo trồng tại xã Hòa Ninh, huyện Hòa Vang, thành phố Đà Nẵng. Xây dựng quy trình trồng cây cà gai leo tại xã Hòa Ninh, huyện Hòa Vang, TP Đà Nẵng. 
650 0 4 |a Cây cà gai leo  |v Luận văn tốt nghiệp  |x Nhân tố sinh thái  |x Nghiên cứu  |z Đà Nẵng 
653 |a Sinh thái học 
653 |a Cây cà gai leo 
653 |a Nhân tố sinh thái 
653 |a Sinh trưởng 
700 1 |a Võ Châu Tuấn  |c TS.  |e Hướng dẫn 
OWN |a LSP 
AVA |a UDN50  |b LSP  |d 615.32 LÊ-T  |e available  |t Error 5001 Not defined in file expand_doc_bib_avail.  |f 1  |g 0  |h N  |i 0  |k 1 
999 |a From the UDN01 
AVA |a UDN50  |b LSP  |d 615.32 LÊ-T  |e available  |t Error 5001 Not defined in file expand_doc_bib_avail.  |f 1  |g 0  |h N  |i 0  |k 1 
TYP |a Monograph 
TYP |a Printed language 
980 |a Mạng thư viện Đại học Đà Nẵng